| 000 | 01186 a2200265 4500 | ||
|---|---|---|---|
| 999 |
_c8203 _d8203 |
||
| 020 | _a9780073533131 (pbk. : acidfree paper) | ||
| 020 | _a0073533130 (pbk. : acidfree paper) | ||
| 050 | 0 | 0 | _aPE1417.MUL2008 |
| 245 | 0 | 4 |
_aThe McGraw-Hill reader : _bissues across the disciplines / _c[edited by] Gilbert H. Muller. |
| 250 | _a10th ed. | ||
| 264 |
_aNew York: _bMcGraw-Hill, _c2008 |
||
| 300 |
_a1 v. (various pagings) : _bill. (some col.) ; |
||
| 500 | _aincludes index | ||
| 504 | _aIncludes bibliographical references and index. | ||
| 650 | 0 | _aCollege readers. | |
| 650 | 0 | _aInterdisciplinary approach in education | |
| 650 | 0 |
_aEnglish language _xRhetoric |
|
| 650 | 0 | _aAcademic writing | |
| 700 | 1 |
_aMuller, Gilbert H., _d1941- |
|
| 856 | 4 | 2 |
_3Publisher description _uhttp://www.loc.gov/catdir/enhancements/fy0745/2007039569-d.html |
| 856 | 4 | 1 |
_3Table of contents only _uhttp://www.loc.gov/catdir/enhancements/fy0745/2007039569-t.html |
| 856 | 4 | 2 |
_3Contributor biographical information _uhttp://www.loc.gov/catdir/enhancements/fy0826/2007039569-b.html |
| 942 |
_2lcc _cBK _h1417 _iMUL _kPE |
||